Villes du Madagascar par population - Statistiques

Statistiques générales
  • Ce quiz a été pris 133 fois
  • Le résultat moyen est 9 sur 28
Statistiques - réponses
Villes Population % Correct
Antananarivo 1 391 433
99%
Toamasina 378 966
86%
Antsirabé 265 018
78%
Mahajanga 246 022
77%
Diego Suarez / Antsiranana 198 246
75%
Toliara 168 756
75%
Fianarantsoa 191 776
72%
Morondava 39 895
54%
Tôlanaro / Fort-Dauphin 67 284
50%
Manakara 37 928
38%
Sambava 84 039
35%
Ambatondrazaka 75 675
29%
Ambositra 32 800
26%
Antalaha 67 888
26%
Ambanja 33 433
22%
Ambilobe 56 553
18%
Antsohihy 38 253
13%
Marovoay 64 964
13%
Ambovombe 63 032
7%
Antanifotsy 75 000
3%
Ikongo 36 684
3%
Mananara Nord 30 550
2%
Soavinandriana 247 622
2%
Betioky 36 185
1%
Faratsiho 35 549
1%
Vavatenina 30 498
1%
Amparafaravola 51 519
0%
Manahoro 39 879
0%
Aucun quiz correspondant
Distribution des résultats
% des personnes avec chaque résultat
Percentile par nombre de réponses
Votre historique - résultats
Vous n’avez pas pris ce quiz